Japán rovarölőszerek hatékonyságának vizsgálata burgonyabogár (Leptinotarsa Decemlineata Say) ellen

Elmentve itt :
Bibliográfiai részletek
Szerző: Szpisjak Edina
További közreműködők: Mile Lajos (Témavezető)
Dokumentumtípus: Szakdolgozat
Megjelent: 2002
Kulcsszavak:Burgonyabogár
Növényvédelem
Rovarölőszerek
Burgonya
Tárgyszavak:
Online Access:http://diploma.bibl.u-szeged.hu/101080
LEADER 00809nta a2200241 i 4500
001 dipl101080
005 20220202071832.0
008 220120s2002 hu om 0|| zxx d
040 |a SZTE Diploma Repozitórium  |b hun 
041 |a zxx 
100 1 |a Szpisjak Edina 
245 1 0 |a Japán rovarölőszerek hatékonyságának vizsgálata burgonyabogár (Leptinotarsa Decemlineata Say) ellen  |h [elektronikus dokumentum] /  |c Edina Szpisjak 
260 |c 2002 
300 |a 36 
650 4 |a Agrár 
650 4 |a Plant breeding and plant protection 
650 4 |a Plant pests 
695 |a Burgonyabogár 
695 |a Növényvédelem 
695 |a Rovarölőszerek 
695 |a Burgonya 
700 1 |a Mile Lajos  |e ths 
856 4 0 |u http://diploma.bibl.u-szeged.hu/id/eprint/101080/2/2002_szpisjak_edina.pdf  |z Dokumentum-elérés